Trendy v maloobchode a ich vplyv na ponuku

Internacionalizácia maloobchodu dosiahla vrchol, ale maloobchodné spoločnosti stále majú priestor pre vstup. Faktory, ktoré tomu nahrávajú. Prudká expanzia maloobchodných spoločností, zánik tradičného nezávislého maloobchodu. Zmeny v správaní zákazníkov.

Salvato in:
Dettagli Bibliografici
Autore principale: Konštiaková, Veronika
Natura: Capitolo di libro
Lingua:slovacco
Soggetti:
Tags: Aggiungi Tag
Nessun Tag, puoi essere il primo ad aggiungerne!!

MARC

LEADER 00000naa$a2200000$$$4500
001 0097024
005 20240502072056.8
041 0 |a slo 
044 |a SK 
245 1 0 |a Trendy v maloobchode a ich vplyv na ponuku  |c Veronika Konštiaková 
520 |a Internacionalizácia maloobchodu dosiahla vrchol, ale maloobchodné spoločnosti stále majú priestor pre vstup. Faktory, ktoré tomu nahrávajú. Prudká expanzia maloobchodných spoločností, zánik tradičného nezávislého maloobchodu. Zmeny v správaní zákazníkov. 
610 2 0 |a globalizácia 
610 2 0 |a hospodárstvo svetové 
610 2 0 |a maloobchod 
610 2 0 |a internacionalizácia 
610 2 0 |a spoločnosti obchodné 
610 2 0 |a správanie spotrebiteľa 
100 1 |a Konštiaková, Veronika